Génetica humana / (Record no. 31830)
[ view plain ]
| 000 -LEADER | |
|---|---|
| campo de control de longitud fija | 01059nam a2200205 i 4500 |
| 001 - NÚMERO DE CONTROL | |
| campo de control | 31830 |
| 003 - IDENTIFICADOR DE NÚMERO DE CONTROL | |
| campo de control | ES-MaACL |
| 005 - FECHA Y HORA DE LA ÚLTIMA TRANSACCIÓN | |
| campo de control | 20230906154442.0 |
| 007 - CAMPO FIJO DE DESCRIPCIÓN FÍSICA--INFORMACIÓN GENERAL | |
| campo de control de longitud fija | t| |
| 008 - DATOS DE LONGITUD FIJA--INFORMACIÓN GENERAL | |
| campo de control de longitud fija | 030130m19661972sp a |||| | spa d |
| 100 1# - ENTRADA PRINCIPAL--NOMBRE DE PERSONA | |
| Nombre de persona | Becker, Peter Emil. |
| 9 (RLIN) | 26950 |
| 245 10 - MENCIÓN DEL TÍTULO | |
| Título | Génetica humana / |
| Mención de responsabilidad, etc. | dirigida por el Dr. P.E. Becker ; colaboradores, U. Cocchi ; versión de T. Amat Puértolas. |
| 260 ## - PUBLICACIÓN, DISTRIBUCIÓN, ETC. | |
| Lugar de publicación, distribución, etc. | Barcelona : |
| Nombre del editor, distribuidor, etc. | Toray, |
| Fecha de publicación, distribución, etc. | 1966-72. |
| 300 ## - DESCRIPCIÓN FÍSICA | |
| Extensión | 4 t. en 6 v. : |
| Otras características físicas | il. ; |
| Dimensiones | 27 cm. |
| 505 8# - NOTA DE CONTENIDO CON FORMATO | |
| Nota de contenido con formato | Contiene: I ; |
| Título | Genética humana - II ; |
| -- | Germopatias maxilares, cabeza y columna vertebral, costillas, pelvis, hombro - III ; |
| -- | Metabolismo, glándulas de secreción interna, aparato genitourinario, miopatias-alergias, enfermedades reumáticas, enfermedades infecciosas, tumores malignos... - IV ; |
| -- | Ojos, oído, nariz, garganta, piel y sus anejos - V-1 ; |
| -- | Enfermedades del sistema nervioso - V-2 ; |
| -- | Enfermedades psiquátricas |
| 650 04 - PUNTO DE ACCESO ADICIONAL DE MATERIA--TÉRMINO DE MATERIA | |
| Término de materia o nombre geográfico como elemento de entrada | Genética humana. |
| 9 (RLIN) | 13061 |
| 700 1# - ENTRADA AGREGADA--NOMBRE PERSONAL | |
| Nombre de persona | Cocchi, U. |
| 9 (RLIN) | 39387 |
| 700 1# - ENTRADA AGREGADA--NOMBRE PERSONAL | |
| Nombre de persona | Amat Puértolas, T. |
| 9 (RLIN) | 21143 |
| 852 ## - LOCALIZACIÓN | |
| Ubicación | ES-MaACL |
| Número de control de estantería | P-1119 |
| Estatus retirado | Estado de pérdida | Estado de daño | No para préstamo | Biblioteca de origen | Biblioteca actual | Ubicación en estantería | Fecha de adquisición | Fuente de adquisición | Total de préstamos | Signatura topográfica completa | Código de barras | Visto por última vez | Precio de reemplazo | Tipo de ítem Koha |
|---|---|---|---|---|---|---|---|---|---|---|---|---|---|---|
| Biblioteca del Ateneo de Madrid | Biblioteca del Ateneo de Madrid | Depósito 2 | 17/01/2008 | P-1119 | 1032911 | 23/02/2023 | 23/02/2023 | Libro impreso |
